Najlepsi strzelcy Lecha Poznań w XXI w. - Statystyki

Ogólne statystyki
  • Ten quiz został rozwiązany 548 razy
  • Średni wynik to 13 z 19
Statystyki odpowiedzi
Sezon Ilość goli Narodowość Strzelec % Poprawnych
2008/09 14 goli Polska Robert Lewandowski
89%
2009/10 18 goli Polska Robert Lewandowski
89%
2017/18 19 goli Dania Christian Gytkjær
84%
2018/19 12 goli Dania Christian Gytkjær
84%
2019/20 15 goli Dania Christian Gytkjær
84%
2010/11 11 goli Łotwa Artjoms Rudņevs
82%
2011/12 22 gole Łotwa Artjoms Rudņevs
82%
2014/15 13 goli Finlandia Kasper Hämäläinen
80%
2015/16 8 goli Finlandia Kasper Hämäläinen
80%
2003/04 13 goli Polska Piotr Reiss
74%
2004/05 9 goli Polska Piotr Reiss
74%
2005/06 11 goli Polska Piotr Reiss
74%
2006/07 15 goli Polska Piotr Reiss
74%
2016/17 18 goli Polska Marcin Robak
71%
2013/14 20 goli Polska Łukasz Teodorczyk
56%
2007/08 12 goli Peru Hernán Rengifo
51%
2002/03 8 goli Polska Bartosz Ślusarski
40%
2012/13 11 goli Polska Bartosz Ślusarski
40%
2001/02 9 goli Polska Artur Bugaj
4%
Nie znaleziono quizów pasujących do podanych kryteriów
Rozkład punktacji
Procent ludzi z każdym wynikiem
Percentyl według liczby udzielonych odpowiedzi
Twoja historia wyników
Nie rozwiązałeś tego quizu